Autocratizing countries - Statistics

General Stats
  • This quiz has been taken 110 times
    83 since last reset
  • The average score is 18 of 41
Answer Stats
Country % Correct
Russia
91%
United States
87%
Turkey
80%
Hungary
74%
India
67%
Afghanistan
65%
Venezuela
65%
Brazil
63%
Myanmar
59%
Serbia
59%
Poland
57%
Belarus
54%
Yemen
50%
Chad
48%
Greece
48%
Tunisia
48%
Haiti
46%
Indonesia
43%
Mali
43%
Libya
41%
Nicaragua
41%
Philippines
41%
Thailand
41%
Ghana
37%
Chile
35%
El Salvador
35%
Bangladesh
33%
Cambodia
33%
Guatemala
33%
Benin
30%
Uganda
30%
Uruguay
30%
Burkina Faso
28%
Ivory Coast
26%
Mozambique
26%
Burundi
24%
Kyrgyzstan
24%
Mongolia
22%
Botswana
15%
Comoros
4%
Mauritius
2%
No matching quizzes found
Score Distribution
Percent of People with Each Score
Percentile by Number Answered
Your Score History
You have not taken this quiz since the last reset